European capitals by letter- P - Statistics

General Stats
  • This quiz has been taken 40 times
  • The average score is 5 of 7
Answer Stats
Answer % Correct
Paris
97%
Prague
83%
Podgorica
80%
Pristina
77%
Copenhagen
49%
Budapest
46%
Skopje
43%
No matching quizzes found
Score Distribution
Percent of People with Each Score
Percentile by Number Answered
Your Score History
You have not taken this quiz